Statistiques concernant TOP 15 DES ACTEURS LES PLUS CONNUS

Cliquez ici pour prendre le quiz!

Statistiques générales

  • Ce quiz a été pris 1 931 fois
  • Le résultat moyen est 5 sur 15

Statistiques - réponses

ClassementRéponses% Correct
2Brad Pitt
84%
3Leonardo Dicaprio
81%
1Tom Cruise
60%
7Tom hanks
47%
9Johnny Depp
46%
15Robert De Niro
39%
10George Clooney
34%
12Matt Damon
28%
13clint Eastwood
22%
4Christian Bale
14%
5Harrison Ford
14%
6Anthony hopkins
7%
14Robert redford
6%
8Edward Norton
4%
11Russel Crowe
4%

Distribution des résultats

Percentile par nombre de réponses

% des personnes avec chaque résultat

Votre développement - résultats

Vous n’avez pas pris ce quiz